Antropológia rímskeho pohrebiska Pri škole v Rusovciach

Bibliographic Details
Main Author: Kuhajdová, Dana (Author)
Format: Article
Language:Slovak
PhysicalDescription:Obr. 6. Tb. 28. Res. nem.
Subjects:

MARC

LEADER 00000nab a2200000 a 4500
001 vtls000081898
003 SK-MaSNL
005 20260303031811.0
008 220422c1980 xo 0 slo
015 |a SNBRA19rr/mm-uuuuu 
035 |a CL0092000 
040 |a SNKBUCL  |b slo  |c SNKBUCL  |e AACR2 
041 0 |a slo 
044 |a xo  |c SK 
080 |a 902  |2 1981 
080 |a 572  |2 1981 
100 1 |a Kuhajdová, Dana  |4 aut  |9 1014188 
245 1 0 |a Antropológia rímskeho pohrebiska Pri škole v Rusovciach  |c Dana Kuhajdová 
300 |b Obr. 6. Tb. 28. Res. nem. 
650 0 7 |a pohrebiská rímske  |2 snkbucl  |9 1014189 
650 0 7 |a kostry ľudské  |2 snkbucl  |9 1014190 
655 7 |a články zo zborníkov  |2 snkbucl  |9 166140 
773 0 |t Zborník Slovenského národného múzea. Prírodné vedy. Roč. 24  |d Martin : Osveta, 1980  |g S. 99-152 
850 |a Slovenská národná knižnica v Martine  |a MTA001 
852 |a SNK  |b KIS3GCP 
957 |a 5100 
958 |a RK 
958 |a ME 
992 |a RZB 
999 |c 1660331  |d 1662261